| 000 | 00414 a2200157 4500 | ||
|---|---|---|---|
| 082 | _a658.401 DES | ||
| 090 |
_c39684 _d39684 |
||
| 100 | _aDess; Lumpkin ; Eisner | ||
| 245 |
_aStrategic Management Text and Cases 3rd/ed _hEnglish |
||
| 250 | _a3rd | ||
| 260 |
_aSingapore _bMcGraw Hill _c2010 |
||
| 300 | _axxx 984 | ||
| 500 | _aDOS BS Textbooks | ||
| 505 | _aGifted Books | ||
| 942 |
_aCAE NUST _k658.401 DES _cBS |
||
| 999 |
_c472983 _d472983 |
||